| 000 | 00478nam a2200157 i 4500 | ||
|---|---|---|---|
| 001 | 88342 | ||
| 003 | ES-MaACL | ||
| 005 | 20230906175837.0 | ||
| 007 | t| | ||
| 008 | 050104s1959 sp ||||1| spa d | ||
| 100 | 1 |
_aLaínez Ros, José. _969692 |
|
| 245 | 1 | 0 |
_aHojas de mi otoño _b: poemas breves, escritos varios / _cJosé Laínez Ros. |
| 260 |
_aPonferrada : _b[s.n., _c1959] ( _fGráf. Andrés Martín) |
||
| 300 |
_a107 p. ; _c22 cm. |
||
| 852 |
_aES-MaACL _jC-17546 _bR.44073 |
||
| 999 |
_c88342 _d88342 |
||